000 00345nam a2200157Ia 4500
001 13711
003 IN-NITTTR
005 20251114233128.0
008 251113s9999||||xx |||||||||||||| ||eng||
040 _beng
040 _cIN-NITTTR
041 _aeng
082 _a030 R634 R
245 0 _aRoget's international thesaurus. /
942 _2ddc
_cBK
999 _c16347
_d16347